Vereine, für die Mario Balotelli gespielt hat Sudden Death - Statistiken

Allgemein
  • Dieses Quiz wurde 61 mal gespielt
  • Das Durchschnittsergebnis liegt bei 7 aus 11
Answers on the Grid
Answers color-coded by a green-red scale on the quiz's grid according to % correct below.
Genoa
Groningen
Demispor
Sion
Juventus
Lyon
Monza
Brescia
Marseille
Göztepe
Nice
Everton
Liverpool
AC Mailand
Man United
Man City
Inter Mailand
Servette
 
Antwortstatistiken
Antwort % Korrekt
Man City
92%
AC Mailand
90%
Liverpool
76%
Nice
75%
Inter Mailand
73%
Monza
59%
Demispor
55%
Marseille
51%
Sion
51%
Brescia
45%
Genoa
43%
Keine übereinstimmenden Quizze gefunden
Verteilung der Resultate
Anzahl Personen mit jedem Resultat
Perzentil nach korrekt beantworteten Fragen
Ihre Resultats-Entwicklung
Sie haben dieses Quiz noch nicht gespielt